000 00950cab a2200277 4500
001 ABS54321
008 090401t1996 xxu||||| |||| 00| 0 eng d
035 _a(Sirsi) u9796
041 _aeng
100 _aHarcup, T.
245 _aAsbestos on the register
260 _c1996
350 _a0
490 _aMunicipal Journal
_v(4) 26 January 1996, 23(1)
520 _aThe Association of Metropolitan Authorities is calling for local authorities to compile registers of buildings containing asbestos. The TUC is calling for a review of statutory control of asbestos.
650 _aMANAGEMENT-HEALTH AND SAFETY-HAZARDOUS SUBSTANCES-ASBESTOS
650 _aHAZARDOUS MATERIALS
650 _aHEALTH AND SAFETY
_96244
650 _aHEALTH HAZARDS
650 _aPUBLIC BUILDINGS
650 _aREGISTERS
690 _aBUILT ENVIRONMENT-BUILDING MATERIALS
690 _aENVIRONMENTAL AND LAND CONSULTANCY
942 _n0
948 _c04/03/1997
999 _c6160
_d6160